| 000 | 00851nam a22002057a 4500 | ||
|---|---|---|---|
| 999 |
_c29 _d29 |
||
| 003 | AR-CdUCM | ||
| 008 | 190220b ||||| |||| 00| 0 spa d | ||
| 020 | _a978-84-245-1274-7 | ||
| 040 |
_aMUNICIPALIDAD PROVINCIAL DEL CUSCO _cBIBLIOTECA MUNICIPAL DEL CUSCO |
||
| 082 |
_a985.62 / _bL52 |
||
| 100 |
_aLetamendia, Francisco _9155 |
||
| 245 |
_aEl indigenismo en Suramérica : _blos aymaras del antiplano / _cLetamendia, Francisco |
||
| 260 |
_aEspaña : _bFundamentos , _c2011. |
||
| 300 |
_a216 paginas ; _c20 cm. |
||
| 440 |
_acolección ciencia _9156 |
||
| 500 | _acontiene una dedicatoria en nombre del autor. | ||
| 505 | _aLos pueblos originarios de suramérica -- Los aymaras del antiplano -- Economía de la sociedad aymara -- organización social del mundo aymara -- Aymaras sin fronteras... | ||
| 942 |
_2ddc _cLIBROS |
||
| 945 |
_awfj _d2019-02-20 |
||